[Event "NAYCC U10 w"]
[Site "Windsor CAN"]
[Date "2016.08.11"]
[Round "9.157"]
[White "Kancharla, Meghana"]
[Black "Zhang, Wendy"]
[Result "1/2-1/2"]
[WhiteElo "1346"]
[BlackElo "848"]
[PlyCount "109"]
[EventDate "2016.08.07"]
[EventType "swiss"]
[EventRounds "9"]
[EventCountry "CAN"]

1. e4 e5 2. Nf3 Nc6 3. Bc4 Bc5 4. d3 d6 5. h3 h6 6. Nc3 Nf6 7. O-O O-O 8. Bd2
Be6 9. Bb3 Nh5 10. Nh2 Nf4 11. Nd5 Bxd5 12. Bxd5 Qg5 13. Bxf4 Qxf4 14. Qc1 Qxc1
15. Raxc1 Rab8 16. Nf3 Nd4 17. Nxd4 Bxd4 18. c3 c6 19. cxd4 cxd5 20. dxe5 dxe4
21. dxe4 dxe5 22. Rfd1 Rbd8 23. Rxd8 Rxd8 24. Rc7 Rd1+ 25. Kh2 Rd2 26. Rxb7
Rxf2 27. Rxa7 Rxb2 28. Ra5 g6 29. Kg3 Kg7 30. Kf3 f5 31. Ra7+ Kf6 32. exf5 gxf5
33. Ra6+ Kg5 34. Ra5 e4+ 35. Kg3 e3 36. a4 e2 37. Re5 Kf6 38. Re3 Kg5 39. Kf2
Ra2 40. Rxe2 Rxa4 41. Re3 Ra2+ 42. Re2 Rxe2+ 43. Kxe2 Kf4 44. Kf2 h5 45. Ke2
Kg3 46. Kf1 f4 47. Kg1 h4 48. Kh1 f3 49. gxf3 Kxf3 50. Kg1 Kg3 51. Kh1 Kxh3 52.
Kg1 Kg3 53. Kh1 h3 54. Kg1 h2+ 55. Kh1 1/2-1/2

[Event "NAYCC U10 w"]
[Site "Windsor CAN"]
[Date "2016.08.11"]
[Round "9.158"]
[White "Jain, Prisha"]
[Black "Zhou, Madison"]
[Result "1-0"]
[WhiteElo "1316"]
[BlackElo "737"]
[PlyCount "71"]
[EventDate "2016.08.07"]
[EventType "swiss"]
[EventRounds "9"]
[EventCountry "CAN"]

1. e4 e5 2. Nf3 Nc6 3. d4 exd4 4. Nxd4 Nf6 5. Nc3 Bc5 6. Be3 O-O 7. Nxc6 dxc6
8. Bxc5 Qxd1+ 9. Rxd1 Re8 10. Bd3 Bf5 11. f3 Rad8 12. O-O b6 13. Bxb6 axb6 14.
exf5 b5 15. Ne4 Nxe4 16. Bxe4 c5 17. Bc6 Rxd1 18. Bxe8 Rxf1+ 19. Kxf1 Kf8 20.
Bxb5 g6 21. f6 g5 22. a4 h6 23. a5 Kg8 24. a6 Kh7 25. Bc4 Kg6 26. a7 Kxf6 27.
a8=Q Ke5 28. Qd5+ Kf6 29. Qxf7+ Ke5 30. Qe6+ Kd4 31. Qd5+ Ke3 32. Qe4+ Kd2 33.
c3 c6 34. Qd3+ Kc1 35. Bb3 h5 36. Qc2# 1-0

[Event "NAYCC U10 w"]
[Site "Windsor CAN"]
[Date "2016.08.11"]
[Round "9.159"]
[White "Tao, Kaitlyn"]
[Black "Harris, Roxana"]
[Result "0-1"]
[WhiteElo "626"]
[BlackElo "1252"]
[PlyCount "86"]
[EventDate "2016.08.07"]
[EventType "swiss"]
[EventRounds "9"]
[EventCountry "CAN"]

1. e4 e5 2. Nf3 Nc6 3. Bc4 Nf6 4. d3 Bc5 5. Nc3 O-O 6. O-O d6 7. h3 Bd7 8. Bg5
Be6 9. Bb3 a5 10. Nd5 Bxd5 11. Bxd5 Qe7 12. Qd2 Nd8 13. b4 Bxb4 14. c3 Ba3 15.
Bb3 Ne6 16. Bh6 gxh6 17. Qxh6 Kh8 18. Rfe1 Rg8 19. Re3 Bc5 20. d4 exd4 21. cxd4
Bxd4 22. Nxd4 Nxd4 23. Bd5 Nc2 24. Rc1 Nxe3 25. Rxc7 Qxc7 26. Qxf6+ Rg7 27.
fxe3 Qc1+ 28. Kh2 Qc2 29. e5 dxe5 30. Qxe5 Qf2 31. h4 Qxh4+ 32. Kg1 Kg8 33.
Bxf7+ Kxf7 34. Qc7+ Ke6 35. Qb6+ Kf5 36. Qb5+ Kg4 37. Qe2+ Kf5 38. Qd3+ Kf6 39.
Qd6+ Kf7 40. Qc7+ Kg8 41. Qc3 Rf8 42. e4 Qf2+ 43. Kh1 Qxg2# 0-1

[Event "NAYCC U10 w"]
[Site "Windsor CAN"]
[Date "2016.08.11"]
[Round "9.160"]
[White "Kondakova, Elena"]
[Black "Kaur, Aradh"]
[Result "1-0"]
[WhiteElo "1182"]
[BlackElo "1198"]
[PlyCount "89"]
[EventDate "2016.08.07"]
[EventType "swiss"]
[EventRounds "9"]
[EventCountry "CAN"]

1. e4 e5 2. Nf3 Nc6 3. d4 exd4 4. Bc4 d6 5. Ng5 Ne5 6. Qxd4 Be7 7. f4 Nxc4 8.
Qxg7 Bxg5 9. Qxh8 Kf8 10. fxg5 Ne5 11. O-O Be6 12. g6 hxg6 13. Bh6+ Ke7 14.
Bg5+ f6 15. Bxf6+ Nxf6 16. Qxf6+ Kd7 17. Qxd8+ Rxd8 18. Nc3 a6 19. Rad1 Re8 20.
Nd5 Bxd5 21. Rxd5 Nc4 22. Rf7+ Kd8 23. Rd4 Nb6 24. Rg7 Re6 25. c4 Na4 26. b4
Nc3 27. a3 Nxe4 28. c5 Nc3 29. cxd6 cxd6 30. Rc4 Nd5 31. Rxb7 Ne3 32. Rc6 Rf6
33. Rc1 Nf5 34. Ra7 d5 35. g4 Ne3 36. g5 Rf5 37. h4 Rf4 38. Rcc7 Rxh4 39. Rg7
Rg4+ 40. Kf2 Rf4+ 41. Kxe3 Re4+ 42. Kd3 Re7 43. Rgxe7 d4 44. Rh7 a5 45. Ra8#
1-0

[Event "NAYCC U10 w"]
[Site "Windsor CAN"]
[Date "2016.08.11"]
[Round "9.161"]
[White "Ye, Sarah"]
[Black "Wang, Jenna"]
[Result "1/2-1/2"]
[WhiteElo "914"]
[BlackElo "685"]
[PlyCount "28"]
[EventDate "2016.08.07"]
[EventType "swiss"]
[EventRounds "9"]
[EventCountry "CAN"]

1. e4 e5 2. Nf3 Nc6 3. Bc4 Nf6 4. d3 Bb4+ 5. Nc3 Bxc3+ 6. bxc3 d6 7. h3 Qe7 8.
O-O O-O 9. Bg5 Be6 10. Bb3 Bxb3 11. axb3 Nd8 12. d4 Ne6 13. Bh4 Nf4 14. dxe5
dxe5 1/2-1/2

[Event "NAYCC U10 w"]
[Site "Windsor CAN"]
[Date "2016.08.11"]
[Round "9.162"]
[White "Yeung, Sydney"]
[Black "Surya, Dania"]
[Result "1/2-1/2"]
[WhiteElo "742"]
[BlackElo "626"]
[PlyCount "65"]
[EventDate "2016.08.07"]
[EventType "swiss"]
[EventRounds "9"]
[EventCountry "CAN"]

1. e4 d5 2. exd5 Qxd5 3. Nc3 Qa5 4. Nf3 Bg4 5. Bb5+ Nc6 6. Bxc6+ bxc6 7. h3 Qh5
8. d3 e6 9. a3 Bd6 10. Qe2 Bf5 11. g4 Bxg4 12. Bd2 Ne7 13. Qe3 O-O 14. Nh2 Bf5
15. Qg5 Qxg5 16. Bxg5 Bxh3 17. Bxe7 Bxe7 18. O-O-O Bg5+ 19. Kb1 Rab8 20. Ka1
Rb6 21. Nf3 Bf6 22. Rxh3 Bxc3 23. bxc3 Rfb8 24. Ka2 Rb2+ 25. Ka1 Rxc2 26. Rb1
Rxb1+ 27. Kxb1 Rxc3 28. Ne5 Rxa3 29. Nxc6 a5 30. Kb2 Ra4 31. Kb3 Rf4 32. f3 a4+
33. Ka3 1/2-1/2

[Event "NAYCC U12"]
[Site "Windsor CAN"]
[Date "2016.08.07"]
[Round "1.87"]
[White "Shen, Christopher"]
[Black "England, Max"]
[Result "0-1"]
[WhiteElo "2161"]
[BlackElo "1607"]
[PlyCount "112"]
[EventDate "2016.08.07"]
[EventType "swiss"]
[EventRounds "9"]
[EventCountry "CAN"]

1. c4 e5 2. g3 Nf6 3. Bg2 Nc6 4. Nc3 Bc5 5. e3 O-O 6. Nge2 Re8 7. O-O e4 8. Nf4
Bb4 9. Ncd5 Bd6 10. d3 Bxf4 11. Nxf4 exd3 12. Qxd3 Ne5 13. Qc2 c6 14. b3 d6 15.
Bb2 Qc7 16. Rad1 Be6 17. Rd2 Rad8 18. h3 Bc8 19. Rfd1 a5 20. Ba3 c5 21. Qc3 b6
22. Bb2 Bb7 23. Nd5 Nxd5 24. Bxd5 Bxd5 25. Rxd5 f6 26. f4 Nf7 27. g4 Qc8 28.
Qd3 Qe6 29. Re1 Re7 30. e4 Rde8 31. Kg2 Qc8 32. Qf3 Qc6 33. a4 Re6 34. h4 Qb7
35. f5 R6e7 36. g5 Ne5 37. Qg3 Kh8 38. Rxd6 Nd7 39. gxf6 Nxf6 40. Rxf6 Rxe4 41.
Kh2 Rxe1 42. Qxe1 Qb8+ 43. Be5 gxf6 44. Bxb8 Rxe1 45. Bc7 Re3 46. Bxb6 Rxb3 47.
Bxa5 Ra3 48. Bb6 Rxa4 49. Bxc5 Rxc4 50. Be7 Rxh4+ 51. Kg3 Rh6 52. Bf8 Rh5 53.
Kg4 Rh1 54. Be7 Kg7 55. Bd6 h5+ 56. Kg3 Rf1 0-1

[Event "NAYCC U12"]
[Site "Windsor CAN"]
[Date "2016.08.07"]
[Round "1.88"]
[White "Thirumalai, Atul"]
[Black "Wang, Wesley"]
[Result "0-1"]
[WhiteElo "1543"]
[BlackElo "2131"]
[PlyCount "92"]
[EventDate "2016.08.07"]
[EventType "swiss"]
[EventRounds "9"]
[EventCountry "CAN"]

1. e4 e5 2. Nf3 Nc6 3. d4 exd4 4. Nxd4 Nf6 5. Nxc6 bxc6 6. Bd3 Bb4+ 7. Bd2 Qe7
8. O-O Bxd2 9. Nxd2 O-O 10. Re1 d6 11. f3 Re8 12. Qe2 Bd7 13. Nc4 d5 14. exd5
Qxe2 15. Rxe2 Rxe2 16. Bxe2 cxd5 17. Ne5 Re8 18. f4 Bf5 19. Bb5 Rb8 20. Bd3
Bxd3 21. Nxd3 Ne4 22. b3 f6 23. Nf2 Nc3 24. g3 Re8 25. Nd3 Re2 26. Ne1 Kf7 27.
a4 Ke6 28. Nf3 Kd7 29. Ne1 Kd6 30. Rc1 d4 31. Nf3 Kd5 32. Rd1 Nxd1 33. Kf1 Rf2+
34. Ke1 Rxf3 35. Kxd1 Ke4 36. Ke2 Rc3 37. Kd2 a5 38. h4 Rxg3 39. h5 Rg2+ 40.
Kc1 d3 41. cxd3+ Kxd3 42. Kb1 Kc3 43. f5 c5 44. b4 cxb4 45. h6 b3 46. hxg7 Rg1#
0-1

[Event "NAYCC U12"]
[Site "Windsor CAN"]
[Date "2016.08.07"]
[Round "1.90"]
[White "Li, Jack"]
[Black "Huang, Patrick"]
[Result "1-0"]
[WhiteElo "1511"]
[BlackElo "1973"]
[PlyCount "83"]
[EventDate "2016.08.07"]
[EventType "swiss"]
[EventRounds "9"]
[EventCountry "CAN"]

1. e4 c5 2. c3 Nf6 3. e5 Nd5 4. d4 cxd4 5. cxd4 d6 6. Nf3 Nc6 7. Nc3 Nxc3 8.
bxc3 Bg4 9. exd6 Qxd6 10. Be2 g6 11. h3 Bxf3 12. Bxf3 Bg7 13. Be3 O-O 14. Qd2
Rfd8 15. Qb2 Rab8 16. O-O b5 17. Bxc6 Qxc6 18. Rfd1 a5 19. Rac1 Qd5 20. Qe2
Rbc8 21. a3 Rc4 22. Bf4 e6 23. Qe3 Rdc8 24. Bg3 Bf8 25. Be5 Bxa3 26. Qg5 Qd8
27. Bf6 Qe8 28. Rb1 b4 29. cxb4 axb4 30. Be5 Qd8 31. Bf6 Qf8 32. Be5 h6 33. Qf6
Kh7 34. h4 Rc1 35. h5 gxh5 36. Qf3 Qg8 37. Qxh5 Qg6 38. Qxg6+ Kxg6 39. Kh2 Rxd1
40. Rxd1 b3 41. d5 b2 42. dxe6 {time} 1-0

[Event "NAYCC U12"]
[Site "Windsor CAN"]
[Date "2016.08.07"]
[Round "1.91"]
[White "Huang, Qiuyu"]
[Black "Singh, Hersh"]
[Result "1-0"]
[WhiteElo "1972"]
[BlackElo "1506"]
[PlyCount "45"]
[EventDate "2016.08.07"]
[EventType "swiss"]
[EventRounds "9"]
[EventCountry "CAN"]

1. e4 c5 2. Nf3 d6 3. d4 cxd4 4. Nxd4 Nf6 5. Nc3 g6 6. Be3 Bg7 7. f3 O-O 8. Qd2
Nc6 9. Bc4 Bd7 10. O-O-O Rc8 11. Bb3 Ne5 12. Kb1 a5 13. h4 h5 14. Bh6 Nc4 15.
Bxc4 Rxc4 16. Bxg7 Kxg7 17. g4 hxg4 18. h5 Nxh5 19. Rxh5 gxh5 20. Qg5+ Kh7 21.
Qxh5+ Kg7 22. Qg5+ Kh7 23. Rh1# 1-0

[Event "NAYCC U12"]
[Site "Windsor CAN"]
[Date "2016.08.07"]
[Round "1.92"]
[White "Hawthorn, Henry"]
[Black "Balderas, Adolfo"]
[Result "1/2-1/2"]
[WhiteElo "1486"]
[BlackElo "1956"]
[PlyCount "59"]
[EventDate "2016.08.07"]
[EventType "swiss"]
[EventRounds "9"]
[EventCountry "CAN"]

1. d4 g6 2. c4 Bg7 3. Nc3 d6 4. Nf3 Nf6 5. e4 O-O 6. Be2 Nbd7 7. O-O e5 8. d5
Nc5 9. Qc2 a5 10. Ne1 Ne8 11. Nd3 b6 12. Bd2 f5 13. f3 f4 14. g4 h5 15. gxh5
Qg5+ 16. Kh1 Qxh5 17. Nf2 Nf6 18. Rg1 Kf7 19. Rg2 Rh8 20. Nb5 Ne8 21. a3 a4 22.
Rag1 Nb3 23. Nd3 Bh3 24. Rg5 Qh7 25. Bxf4 Bd7 26. Rxg6 exf4 27. Bd1 Bxb5 28.
cxb5 Nd4 29. Qg2 Be5 30. Rg5 1/2-1/2

[Event "NAYCC U12"]
[Site "Windsor CAN"]
[Date "2016.08.07"]
[Round "1.93"]
[White "McNutt, William"]
[Black "Nath, Naveen"]
[Result "1-0"]
[WhiteElo "1875"]
[BlackElo "1481"]
[PlyCount "139"]
[EventDate "2016.08.07"]
[EventType "swiss"]
[EventRounds "9"]
[EventCountry "CAN"]

1. d4 Nf6 2. Nf3 g6 3. Nc3 d5 4. Bg5 Bg7 5. Bxf6 Bxf6 6. e4 dxe4 7. Nxe4 Bg7 8.
Bc4 O-O 9. c3 c6 10. O-O Nd7 11. Re1 Nb6 12. Bb3 Bf5 13. Qe2 Bxe4 14. Qxe4 e6
15. a4 Nd5 16. a5 a6 17. Ne5 Qc7 18. h4 Nf6 19. Qf3 Rfe8 20. g4 Rad8 21. Ra4
Re7 22. g5 Nh5 23. Nd3 Red7 24. Nc5 Re7 25. Re4 Rb8 26. Qe3 Rbe8 27. f4 Kh8 28.
Ra1 Kg8 29. Bc4 Kf8 30. b4 Ra8 31. Be2 Kg8 32. Bxh5 gxh5 33. f5 Bh8 34. fxe6
fxe6 35. Rxe6 Rae8 36. Rxe7 Qxe7 37. Qxe7 Rxe7 38. Kf2 Kf7 39. Re1 Rc7 40. Kf3
Bg7 41. Kf4 Bf8 42. Ne4 Be7 43. Re3 Rd7 44. Ng3 Bd6+ 45. Kf3 Bxg3 46. Kxg3 Re7
47. Rxe7+ Kxe7 48. Kf4 Ke6 49. Ke4 Kd6 50. c4 Ke6 51. Kf4 Kd6 52. Kf5 Ke7 53.
Ke5 Kf7 54. Kd6 Kg8 55. Ke6 Kg7 56. d5 cxd5 57. cxd5 Kf8 58. Kd7 Kf7 59. Kc7
Ke7 60. d6+ Ke6 61. d7 Kf5 62. d8=Q b6 63. axb6 a5 64. b7 axb4 65. b8=Q b3 66.
Qf6+ Ke4 67. Qb4+ Kd3 68. Qf3+ Kc2 69. Qe2+ Kc1 70. Qbe1# 1-0

[Event "NAYCC U12"]
[Site "Windsor CAN"]
[Date "2016.08.07"]
[Round "1.94"]
[White "Laurrabaquio Ramirez, Bryan Rica"]
[Black "Idnani, Roshan"]
[Result "0-1"]
[WhiteElo "1480"]
[BlackElo "1860"]
[PlyCount "56"]
[EventDate "2016.08.07"]
[EventType "swiss"]
[EventRounds "9"]
[EventCountry "CAN"]

1. e4 c6 2. f4 d5 3. Nc3 dxe4 4. Nxe4 e6 5. d4 Nf6 6. Nxf6+ Qxf6 7. Nf3 Bd6 8.
g3 O-O 9. Bd3 h6 10. Qe2 c5 11. Qe4 g6 12. Be3 Bd7 13. O-O-O Bc6 14. d5 Bxd5
15. Qa4 Bxf3 16. Bxg6 Qxg6 17. Rxd6 Bxh1 18. Bxc5 Na6 19. Rxa6 bxa6 20. Bxf8
Rxf8 21. Qxa6 Qe4 22. Qf1 Rc8 23. c3 Qe3+ 24. Kc2 Be4+ 25. Kb3 Qb6+ 26. Ka3
Qa5+ 27. Kb3 Rb8+ 28. Kc4 Qd5# 0-1

[Event "NAYCC U12"]
[Site "Windsor CAN"]
[Date "2016.08.07"]
[Round "1.95"]
[White "Liang, Justin"]
[Black "Ge, Jared"]
[Result "1-0"]
[WhiteElo "1853"]
[BlackElo "1405"]
[PlyCount "47"]
[EventDate "2016.08.07"]
[EventType "swiss"]
[EventRounds "9"]
[EventCountry "CAN"]

1. d4 d5 2. c4 e6 3. Nf3 Nf6 4. Nc3 c6 5. Bf4 Nbd7 6. e3 Be7 7. Bd3 O-O 8. O-O
c5 9. cxd5 exd5 10. Rc1 c4 11. Bb1 Nb6 12. Ne5 Bd6 13. Bg3 Bxe5 14. dxe5 Nfd7
15. Nxd5 Re8 16. e6 fxe6 17. Nc7 Rf8 18. Nxe6 Qf6 19. Nxf8 Nxf8 20. Qh5 g6 21.
Qh4 Qxb2 22. Qe7 Qb5 23. Be5 Nd5 24. Qg7# 1-0

[Event "NAYCC U12"]
[Site "Windsor CAN"]
[Date "2016.08.07"]
[Round "1.96"]
[White "Jeyakumar, Bhavatharshan"]
[Black "Zheng, Victor"]
[Result "0-1"]
[WhiteElo "1390"]
[BlackElo "1852"]
[PlyCount "102"]
[EventDate "2016.08.07"]
[EventType "swiss"]
[EventRounds "9"]
[EventCountry "CAN"]

1. e4 c5 2. Nf3 d6 3. d4 cxd4 4. Nxd4 Nf6 5. Nc3 a6 6. Be2 e5 7. Nf3 Be7 8. O-O
Be6 9. Be3 Nbd7 10. a4 Rc8 11. Ng5 O-O 12. Nxe6 fxe6 13. Bg4 Nxg4 14. Qxg4 Rf6
15. Bg5 Rg6 16. Bxe7 Qxe7 17. Qe2 Qg5 18. f3 Nf6 19. Qf2 Nh5 20. Rac1 Nf4 21.
Kh1 Qxg2+ 22. Qxg2 Rxg2 23. Rg1 Rf2 24. Rgf1 Rg2 25. Rg1 Rxg1+ 26. Kxg1 Rxc3
27. bxc3 Ne2+ 28. Kf2 Nxc1 29. Ke3 b5 30. axb5 axb5 31. Kd2 Na2 32. Kd3 b4 33.
cxb4 Nxb4+ 34. Kc3 Nc6 35. Kc4 Nd4 36. c3 Nxf3 37. Kb5 Kf7 38. Kc6 Ke7 39. h3
h5 40. c4 g5 41. c5 dxc5 42. Kxc5 g4 43. hxg4 hxg4 44. Kc6 g3 45. Kc7 g2 46.
Kc6 g1=Q 47. Kc7 Qc5+ 48. Kb7 Kd7 49. Ka6 Qb4 50. Ka7 Kc7 51. Ka6 Qa4# 0-1

[Event "NAYCC U12"]
[Site "Windsor CAN"]
[Date "2016.08.07"]
[Round "1.97"]
[White "Idnani, Taran"]
[Black "Kobla, Akshay"]
[Result "1-0"]
[WhiteElo "1826"]
[BlackElo "1382"]
[PlyCount "41"]
[EventDate "2016.08.07"]
[EventType "swiss"]
[EventRounds "9"]
[EventCountry "CAN"]

1. Nf3 Nf6 2. g3 e6 3. Bg2 d5 4. O-O Be7 5. c4 c6 6. d4 Nbd7 7. Qc2 O-O 8. Nbd2
b6 9. e4 dxe4 10. Nxe4 Bb7 11. Bf4 c5 12. Nxf6+ Bxf6 13. Ng5 Bxg5 14. Bxb7 Rb8
15. Bxb8 Qxb8 16. Be4 cxd4 17. Bxh7+ Kh8 18. f4 Bf6 19. Bd3 a5 20. Qe2 Nc5 21.
Qh5+ 1-0

[Event "NAYCC U12"]
[Site "Windsor CAN"]
[Date "2016.08.07"]
[Round "1.98"]
[White "Li, Si"]
[Black "Nair, Siddhant"]
[Result "1/2-1/2"]
[WhiteElo "1366"]
[BlackElo "1825"]
[PlyCount "104"]
[EventDate "2016.08.07"]
[EventType "swiss"]
[EventRounds "9"]
[EventCountry "CAN"]

1. e4 c5 2. Nf3 d6 3. d4 cxd4 4. Nxd4 Nf6 5. Nc3 g6 6. Be3 Bg7 7. f3 O-O 8. Qd2
Nc6 9. Bc4 Bd7 10. Bb3 Rc8 11. O-O-O Na5 12. h4 Nc4 13. Bxc4 Rxc4 14. h5 Nxh5
15. g4 Nf4 16. Qh2 h5 17. gxh5 Nxh5 18. Qe2 Bxd4 19. Bxd4 Rxd4 20. Rxd4 Ng3 21.
Qh2 Nxh1 22. Qxh1 Kg7 23. Qd1 f6 24. f4 Qc8 25. f5 gxf5 26. Rd3 Rh8 27. Nd5 Kf7
28. Rc3 Bc6 29. b4 Qg8 30. b5 Qg5+ 31. Kb1 Bxb5 32. Rc7 Re8 33. Nxe7 Rxe7 34.
Qd5+ Kf8 35. Rxe7 Kxe7 36. Qxb5 Qg1+ 37. Kb2 Qb6 38. Qxb6 axb6 39. exf5 d5 40.
Kc3 Kd6 41. Kd4 b5 42. a3 b6 43. c3 Kc6 44. Ke3 Kc5 45. Kd3 Kc6 46. Ke3 Kd7 47.
Kd3 d4 48. cxd4 Kc6 49. Kc3 b4+ 50. axb4 b5 51. Kd2 Kd6 52. Ke3 Ke7 1/2-1/2

[Event "NAYCC U12"]
[Site "Windsor CAN"]
[Date "2016.08.07"]
[Round "1.99"]
[White "Hung, Daniel"]
[Black "Shi, David"]
[Result "1-0"]
[WhiteElo "1812"]
[BlackElo "1309"]
[PlyCount "39"]
[EventDate "2016.08.07"]
[EventType "swiss"]
[EventRounds "9"]
[EventCountry "CAN"]

1. e4 c5 2. Nc3 Nc6 3. Bb5 g6 4. Bxc6 dxc6 5. d3 Bg7 6. Be3 b6 7. Qd2 e6 8.
Nge2 Ne7 9. Bh6 O-O 10. Bxg7 Kxg7 11. O-O-O b5 12. h4 b4 13. Na4 Qa5 14. b3 h5
15. g4 hxg4 16. h5 Ba6 17. hxg6 fxg6 18. Qg5 Kf7 19. Rh7+ Kg8 20. Qxe7 1-0

[Event "NAYCC U12"]
[Site "Windsor CAN"]
[Date "2016.08.07"]
[Round "1.100"]
[White "Boyd, Alexander"]
[Black "Tsay, Vincent"]
[Result "0-1"]
[WhiteElo "1247"]
[BlackElo "1789"]
[PlyCount "66"]
[EventDate "2016.08.07"]
[EventType "swiss"]
[EventRounds "9"]
[EventCountry "CAN"]

1. e4 e6 2. d4 d5 3. Be3 dxe4 4. Nd2 Nf6 5. f3 exf3 6. Ngxf3 c6 7. Bd3 Bd6 8.
O-O Nbd7 9. a3 b6 10. Nc4 Bc7 11. Bg5 h6 12. Bxf6 Nxf6 13. b4 Bb7 14. a4 O-O
15. Nce5 c5 16. c3 cxd4 17. cxd4 Nd7 18. Nxd7 Qxd7 19. Ne5 Qxd4+ 20. Rf2 Bxe5
21. Bh7+ Kxh7 22. Qb1+ Be4 23. Qe1 Qxa1 24. Re2 Bd4+ 25. Kh1 Qxe1+ 26. Rxe1 Bd5
27. Rd1 Rfc8 28. h3 Be5 29. Re1 Bg3 30. Rd1 Rc2 31. Kg1 Rxg2+ 32. Kf1 Rh2 33.
Kg1 Rh1# 0-1

[Event "NAYCC U12"]
[Site "Windsor CAN"]
[Date "2016.08.07"]
[Round "1.101"]
[White "Zhou, Aiden"]
[Black "Wang, Kevin"]
[Result "1-0"]
[WhiteElo "1777"]
[BlackElo "1158"]
[PlyCount "53"]
[EventDate "2016.08.07"]
[EventType "swiss"]
[EventRounds "9"]
[EventCountry "CAN"]

1. d4 f5 2. c3 Nf6 3. Bg5 e6 4. Nd2 Be7 5. Bxf6 Bxf6 6. e4 O-O 7. Ngf3 d6 8.
Bd3 fxe4 9. Nxe4 Nc6 10. O-O b6 11. Qc2 h6 12. Rfe1 Qe8 13. d5 Ne7 14. dxe6
Bxe6 15. Nxd6 Qd7 16. Ne4 Bg4 17. Nxf6+ Rxf6 18. Ne5 Qc8 19. Nxg4 Qxg4 20. Rxe7
Raf8 21. Qe2 Qxe2 22. Bxe2 Rxf2 23. Rf1 Rxf1+ 24. Bxf1 c5 25. Rxa7 Rd8 26. Rb7
Ra8 27. a3 1-0

[Event "NAYCC U12"]
[Site "Windsor CAN"]
[Date "2016.08.07"]
[Round "1.102"]
[White "Bhanji, Areez"]
[Black "Zhong, Wenxuan"]
[Result "0-1"]
[WhiteElo "1135"]
[BlackElo "1758"]
[PlyCount "108"]
[EventDate "2016.08.07"]
[EventType "swiss"]
[EventRounds "9"]
[EventCountry "CAN"]

1. e4 d6 2. d4 Nf6 3. Nc3 g6 4. Nf3 Bg7 5. Bc4 O-O 6. O-O Bg4 7. h3 Bxf3 8.
Qxf3 Nc6 9. Qd1 e5 10. dxe5 Nxe5 11. Bb3 Re8 12. Re1 Ned7 13. Bg5 h6 14. Bxf6
Nxf6 15. Qf3 Qe7 16. Rad1 c6 17. a3 Rad8 18. Ba2 Nd7 19. Qg3 Nf8 20. Qf3 Qf6
21. Qxf6 Bxf6 22. Rd3 d5 23. Rdd1 dxe4 24. Rxd8 Rxd8 25. Rd1 Rxd1+ 26. Nxd1 a6
27. c3 Nd7 28. b4 b5 29. c4 Nb6 30. cxb5 cxb5 31. Ne3 Bb2 32. Nc2 Kf8 33. Bb3
Ke7 34. Kf1 f5 35. Ke2 Kd6 36. Ke3 Nd5+ 37. Bxd5 Kxd5 38. Kd2 f4 39. Kd1 g5 40.
Ke2 Kc4 41. Kd2 h5 42. Ke2 Kc3 43. Kd1 h4 44. Ne1 Bxa3 45. Nc2 Bxb4 46. Nxb4
Kxb4 47. Kd2 Kc4 48. Kc2 b4 49. Kb2 b3 50. Kb1 Kc3 51. Kc1 b2+ 52. Kb1 Kb3 53.
g3 hxg3 54. fxg3 e3 0-1

[Event "NAYCC U12"]
[Site "Windsor CAN"]
[Date "2016.08.07"]
[Round "1.103"]
[White "Somalwar, Anaiy"]
[Black "Butchart, Kevin"]
[Result "0-1"]
[WhiteElo "1755"]
[BlackElo "1083"]
[PlyCount "83"]
[EventDate "2016.08.07"]
[EventType "swiss"]
[EventRounds "9"]
[EventCountry "CAN"]

1. d4 d5 2. c4 c6 3. Nc3 e6 4. e3 Nf6 5. Nf3 Be7 6. Bd3 dxc4 7. Bxc4 b5 8. Bd3
a6 9. O-O Nbd7 10. e4 Ng4 11. h3 Ngf6 12. Qc2 Bb7 13. e5 Nd5 14. Nxd5 cxd5 15.
Be3 Rc8 16. Qd1 O-O 17. Nd2 Nb6 18. b3 Rc3 19. Nb1 Rc6 20. Qg4 g6 21. f4 Kh8
22. Bd2 Qd7 23. Qe2 Ra8 24. Nc3 Qc7 25. Nd1 Bh4 26. Ne3 Be7 27. Kh2 Qd8 28. Ng4
b4 29. Nf2 a5 30. Rab1 Nd7 31. g4 Ba6 32. Bxa6 Raxa6 33. Nd3 Ra8 34. f5 gxf5
35. gxf5 exf5 36. Nf4 Bg5 37. Nxd5 Bxd2 38. Qxd2 Nf8 39. Ne3 Rac8 40. Rb2 f4
41. d5 fxe3 42. Qd4 0-1

[Event "NAYCC U12"]
[Site "Windsor CAN"]
[Date "2016.08.07"]
[Round "1.104"]
[White "Omichi, Haruaki"]
[Black "Huang, Andrew"]
[Result "1/2-1/2"]
[WhiteElo "1071"]
[BlackElo "1754"]
[PlyCount "44"]
[EventDate "2016.08.07"]
[EventType "swiss"]
[EventRounds "9"]
[EventCountry "CAN"]

1. e4 c5 2. Nf3 g6 3. d4 cxd4 4. Nxd4 Bg7 5. Nc3 Nc6 6. Be3 Nf6 7. Bc4 O-O 8.
Bb3 d6 9. f3 Bd7 10. Qd2 a5 11. g4 a4 12. Bc4 a3 13. b3 Ne5 14. Be2 Ra5 15. h4
h5 16. gxh5 Nxh5 17. Rh2 Nc6 18. O-O-O e6 19. f4 Ne7 20. Bxh5 Rxh5 21. Rg1 Bf6
22. Qe2 Kh7 1/2-1/2

[Event "NAYCC U12"]
[Site "Windsor CAN"]
[Date "2016.08.07"]
[Round "1.105"]
[White "Shi, William"]
[Black "Damarla, Rishi"]
[Result "1-0"]
[WhiteElo "1753"]
[BlackElo "1065"]
[PlyCount "67"]
[EventDate "2016.08.07"]
[EventType "swiss"]
[EventRounds "9"]
[EventCountry "CAN"]

1. e4 e5 2. Nf3 Nc6 3. Bb5 d6 4. d4 exd4 5. Nxd4 Bd7 6. O-O Nf6 7. c4 Be7 8.
Nc3 O-O 9. Be3 a6 10. Ba4 Nxd4 11. Qxd4 Bxa4 12. Nxa4 Qd7 13. Nc3 Rad8 14. Rad1
c6 15. Bg5 Qc7 16. h3 Rfe8 17. Bf4 Qc8 18. a4 c5 19. Qe3 h6 20. Rd3 Rd7 21.
Rfd1 Red8 22. Nd5 Nxd5 23. Rxd5 Bf8 24. Qg3 Kh8 25. Kh2 Qc6 26. b3 b6 27. Qc3
Kh7 28. e5 dxe5 29. Qd3+ Kg8 30. Rxd7 Rxd7 31. Qxd7 Qxd7 32. Rxd7 exf4 33. Rb7
Bd6 34. Rxb6 1-0

[Event "NAYCC U12"]
[Site "Windsor CAN"]
[Date "2016.08.07"]
[Round "1.106"]
[White "Cyrenne, Cole"]
[Black "Lin, Benjamin"]
[Result "0-1"]
[WhiteElo "922"]
[BlackElo "1716"]
[PlyCount "104"]
[EventDate "2016.08.07"]
[EventType "swiss"]
[EventRounds "9"]
[EventCountry "CAN"]

1. b3 e5 2. Bb2 Nc6 3. e3 d5 4. Bb5 Bd6 5. d4 e4 6. Nc3 Nf6 7. f3 a6 8. Bxc6+
bxc6 9. Qd2 Qe7 10. O-O-O Bb4 11. Nge2 a5 12. a4 Ba6 13. Rhe1 Rb8 14. Ng3 O-O
15. Qf2 Rfe8 16. Nf5 Qd7 17. g4 exf3 18. Qxf3 Ne4 19. Nxe4 dxe4 20. Qf4 Bxe1
21. Rxe1 Bc8 22. Qg5 f6 23. Qf4 Qd8 24. h4 Bxf5 25. Qxf5 Qd5 26. Qf4 Qd6 27.
Qf5 Qg3 28. Bc3 Qxh4 29. Bxa5 Rbc8 30. Rf1 Qg5 31. Qxg5 fxg5 32. Rf5 Red8 33.
Rxg5 Rd5 34. Rxd5 cxd5 35. c4 dxc4 36. bxc4 c5 37. d5 Kf7 38. Kb2 Ra8 39. Bb6
Rxa4 40. Kb3 Rb4+ 41. Kc3 Rxb6 42. Kd2 g6 43. Ke2 Rb2+ 44. Kf1 h5 45. gxh5 gxh5
46. Kg1 Kf6 47. Kh1 h4 48. Kg1 h3 49. Kh1 Kg5 50. Kg1 Kg4 51. d6 Kg3 52. d7
Rb1# 0-1

[Event "NAYCC U12"]
[Site "Windsor CAN"]
[Date "2016.08.07"]
[Round "1.107"]
[White "Grabinsky, Joshua"]
[Black "Liu, Bowser"]
[Result "1-0"]
[WhiteElo "1704"]
[BlackElo "895"]
[PlyCount "47"]
[EventDate "2016.08.07"]
[EventType "swiss"]
[EventRounds "9"]
[EventCountry "CAN"]

1. e4 e6 2. d4 d5 3. Nd2 c5 4. exd5 exd5 5. dxc5 Bxc5 6. Bd3 Bd7 7. Nb3 Qb6 8.
Nxc5 Qxc5 9. Nf3 Bg4 10. Qe2+ Ne7 11. O-O O-O 12. Bxh7+ Kh8 13. Bd3 Nbc6 14.
Qe3 Qb6 15. Qg5 f5 16. Qh4+ Kg8 17. Ng5 Rf6 18. Qh7+ Kf8 19. Qh8+ Ng8 20. Nh7+
Kf7 21. Nxf6 Kxf6 22. h3 Bxh3 23. Qxh3 g6 24. Re1 1-0